000
00244nam a2200097Ia 4500
008
240331s9999 xx 000 0 und d
082
_b
KER
100
_a
Kerber, K.L
245
0
_a
Psyco feminism :
_b
conceptualization and criticism Vol.1
942
_c
L
999
_c
1553
_d
1553